Mr. Duck means business / (Record no. 5252)

MARC details
000 -LEADER
fixed length control field 00965nam a22003017a 4500
001 - CONTROL NUMBER
control field 5252
003 - CONTROL NUMBER IDENTIFIER
control field FISKH
005 - DATE AND TIME OF LATEST TRANSACTION
control field 20241204151734.0
008 - FIXED-LENGTH DATA ELEMENTS--GENERAL INFORMATION
fixed length control field 241121b cb ||||| |||| 00| 0 eng d
020 ## - INTERNATIONAL STANDARD BOOK NUMBER
International Standard Book Number 9780545450393
040 ## - CATALOGING SOURCE
Original cataloging agency FISKH
Language of cataloging eng
Transcribing agency FISKH
Modifying agency FISKH
050 ## - LIBRARY OF CONGRESS CALL NUMBER
Classification number PZ7.S2502
082 ## - DEWEY DECIMAL CLASSIFICATION NUMBER
Classification number 418
100 ## - MAIN ENTRY--PERSONAL NAME
Personal name Sauer, Tammi
Dates associated with a name (1972-)
245 ## - TITLE STATEMENT
Title Mr. Duck means business /
Statement of responsibility, etc. Tammi Sauer Illustrated by Jeff Mack
250 ## - EDITION STATEMENT
Edition statement This edition first printing in 2012
260 ## - PUBLICATION, DISTRIBUTION, ETC.
Place of publication, distribution, etc. New York :
Name of publisher, distributor, etc. Scholastic,
Date of publication, distribution, etc. 2012.
300 ## - PHYSICAL DESCRIPTION
Extent 30 pages :
Other physical details color illustrations ;
Dimensions 23 cm
505 ## - FORMATTED CONTENTS NOTE
Formatted contents note J<br/>
520 ## - SUMMARY, ETC.
Summary, etc. Mr. Duck enjoys a quiet morning routine on his private pond every day until other animals mistakenly think he has invited them to join him.
521 8# - TARGET AUDIENCE NOTE
Target audience note 470L<br/>
Source Lexile<br/>
521 8# - TARGET AUDIENCE NOTE
Target audience note G<br/>
Source Raz-Plus<br/>
650 ## - SUBJECT ADDED ENTRY--TOPICAL TERM
Source of heading or term Compromise
Topical term or geographic name entry element Fiction
650 ## - SUBJECT ADDED ENTRY--TOPICAL TERM
Source of heading or term Friends
Topical term or geographic name entry element Friendship
700 ## - ADDED ENTRY--PERSONAL NAME
Personal name Mack, Jeff
Dates associated with a name Illustrator
942 ## - ADDED ENTRY ELEMENTS (KOHA)
Source of classification or shelving scheme Dewey Decimal Classification
Koha item type Books
Suppress in OPAC No
Holdings
Withdrawn status Lost status Source of classification or shelving scheme Damaged status Not for loan Collection Home library Current library Shelving location Date acquired Total Checkouts Full call number Barcode Date last seen Date last checked out Copy number Price effective from Koha item type
    Dewey Decimal Classification     Fiction Footprints International School Library Network Toul Kork Campus Footprints International School Library Network Toul Kork Campus TK Primary Library Room(4th Floor), Bookcase 1&2, Shelves 1-16, Dark Blue Books 11/21/2024 1 SAU 418 PZ7.S2502 FISTK01500 01/09/2025 12/18/2024 1 11/21/2024 Books
    Dewey Decimal Classification     Fiction Footprints International School Library Network Toul Kork Campus Footprints International School Library Network Toul Kork Campus TK Primary Library Room(4th Floor), Bookcase 1&2, Shelves 1-16, Dark Blue Books 11/26/2024   SAU 418 PZ7.S2502 2024-2383 11/26/2024   2 11/26/2024 Books